00571nam a2200169Ia 4500008004100000020002300041040002600064082001200090100001300102245005600115260004100171942004300212952010800255999001700363003000400380005001700384241206s9999||||xx |||||||||||||| ||und|| a9789837021457c7.9 bengcSSK Libraryerda a510/ENT a Enthira 0aPraktis Topikal Maksimum: Mathematics (Form 5 Kbsm) b Cerdik Publications Sdn Bhdc©2007 2Dewey Decimal ClassificationcBOOKnNo 00104070aSSHQbSSHQd2024-12-06g7.90l0o510/ENTp1005850r2024-12-06 22:26:22t1w2024-12-06yBOOK c14507d14507OSt20241206223206.0